000 00199nam a22000857a 4500
008 170201b xxu||||| |||| 00| 0 eng d
100 _92716
_aMoore.J.E.
245 _aGeology-I-3
260 _aUSA
_bEvan
_c1998
999 _c5881
_d5881